Most Streamed (2021) - Statistics

General Stats
  • This quiz has been taken 10 times
  • The average score is 6 of 15
Answer Stats
Hint Answer % Correct
2 Taylor Swift
78%
2 Taylor Swift
78%
4 Drake
67%
1 Drake
67%
5 Justin Bieber
56%
3 BTS
44%
4 Kanye West
44%
1 Bad Bunny
33%
5 Bad Bunny
33%
4 equal
11%
2 Future Nostalgia
11%
3 Juice wrld
11%
3 Justice
11%
5 Planet her
11%
1 SOUR
11%
No matching quizzes found
Score Distribution
Percent of People with Each Score
Percentile by Number Answered
Your Score History
You have not taken this quiz